Understanding social policy
The book brings up to date all the relevant information and reflects the new views of social policy in Britain. Taking full account of the dramatic changes in social policy made by the Conservatives under Mrs. Thatcher and inherited by John Major, this book provides an essential guide to British soc...
Đã lưu trong:
| 主要作者: | |
|---|---|
| 格式: | 圖書 |
| 語言: | Undetermined |
| 出版: |
Cambridge, Massachusetts
Blackwell
1993
|
| 主題: | |
| 標簽: |
添加標簽
沒有標簽, 成為第一個標記此記錄!
|
| Thư viện lưu trữ: | Trung tâm Học liệu Trường Đại học Cần Thơ |
|---|
| LEADER | 01170nam a2200193Ia 4500 | ||
|---|---|---|---|
| 001 | CTU_18504 | ||
| 008 | 210402s9999 xx 000 0 und d | ||
| 082 | |a 361.610941 | ||
| 082 | |b H647 | ||
| 100 | |a Michael James Hill (1937- | ||
| 245 | 0 | |a Understanding social policy | |
| 245 | 0 | |c Michael James Hill (1937- | |
| 260 | |a Cambridge, Massachusetts | ||
| 260 | |b Blackwell | ||
| 260 | |c 1993 | ||
| 520 | |a The book brings up to date all the relevant information and reflects the new views of social policy in Britain. Taking full account of the dramatic changes in social policy made by the Conservatives under Mrs. Thatcher and inherited by John Major, this book provides an essential guide to British social policy as it is today. Developments such as the 1986 Social Security Act, privatization, increased unemployment and the 'community care' debate are fully covered, as are effects of over a decade of Conservative policy making: on housing, education and the personal social services in particular | ||
| 650 | |a great britain - social policy,welfare economics,welfare state | ||
| 904 | |i Minh, 970917 | ||
| 980 | |a Trung tâm Học liệu Trường Đại học Cần Thơ | ||